000 01500nam a22004097a 4500
003 OSt
005 20230524103121.0
008 221006b |||||||| |||| 00| 0 eng d
040 _cBiblioteca Lado V
082 _a700
_bA786l
110 _9830
_aARTEDER
_eEditor
245 _aLAPIZ/
_bRevista Mensual de Arte/
260 _bFeria internacional de Bilbao
_c1992
_aEspaña
300 _c22x29cm
_a90p.
366 _espa
490 _a88
_vX
505 _aEl agrado expo de la cultura
505 _aLa generación espejismo, la Barcelona fantasma
505 _aLas fronteras de las galerías de Barcelona, antes y ahora
505 _aHe perdido la cabeza
505 _aLa metamorfosis de eros...
505 _aEntrevista con Peter Halley
505 _aDespués de la estricta vigilancia
505 _aEl secreto de la pintura
505 _aAfinidades electivas
505 _aSeleccion de verano
650 _2Tesauro de Arte & Arquitectura
_aARTE
_9703
650 _2Tesauro de Arte & Arquitectura
_aARQUITECTURA
650 _2Tesauro de Arte & Arquitectura
_aFOTOGRAFIA
_9702
650 _2Tesauro de Arte & Arquitectura
_aENTREVISTAS
650 _2Tesauro de Arte & Arquitectura
_aARQUEOLOGIA
650 _2Tesauro de Arte & Arquitectura
_aREPORTAJES
650 _2Tesauro de Arte & Arquitectura
_aLIBROS
650 _2Tesauro de Arte & Arquitectura
_aNOTICIAS
651 _2Tesauro de Arte & Arquitectura
_aSUBASTAS
942 _2ddc
_c1
_h700
_iA786l
_n0
999 _c3696
_d3696